Mikuláš Galanda - maliar a grafik

Druhá pamätná minca z emisného plánu NBS na r. 1995 je venovaná 100. výročiu narodenia M. Galandu.

Gespeichert in:
Bibliographische Detailangaben
1. Verfasser: Flaché, Dagmar
Format: Buchkapitel
Sprache:Slowakisch
Schlagworte:
Tags: Tag hinzufügen
Keine Tags, Fügen Sie das erste Tag hinzu!

MARC

LEADER 00000naa a2200000 4500
001 r017359
005 20221205101336.3
041 0 |a slo 
044 |a SK 
245 1 0 |a Mikuláš Galanda - maliar a grafik  |c Dagmar Flaché 
520 |a Druhá pamätná minca z emisného plánu NBS na r. 1995 je venovaná 100. výročiu narodenia M. Galandu. 
610 2 0 |a mince 
610 2 0 |a NBS Bratislava 
610 2 0 |a 1995 
610 2 0 |a emisia 
610 2 0 |a Galanda, M. 
100 1 |a Flaché, Dagmar